Quiz sur la Haute-Savoie - Statistiques

Statistiques générales
  • Ce quiz a été pris 359 fois
  • Le résultat moyen est 16 sur 20
Statistiques - réponses
Question Réponse % Correct
Numéro du département 74
99%
Ville renommée pour son eau minérale, la plus vendue en France. Evian-les-Bains
97%
Plus haute montagne de France et d'Europe occidentale Mont-Blanc
97%
Préfecture et plus grande ville Annecy
96%
Pays limitrophes Italie
96%
Suisse
96%
Savoie
95%
Région Auvergne-Rhône-Alpes
93%
Départements limitrophes Ain
89%
Plus grand lac du département Lac Léman
89%
Fromage AOP utilisé pour la confection de la tartiflette. Reblochon
89%
Deuxième ville du département située non loin de Genève Annemasse
88%
Commune connue comme la capitale mondiale de l'alpinisme. Chamonix-Mont-Blanc
88%
Gentilé Haut-Savoyards
70%
Thonon-les-Bains
68%
Sous-préfectures Bonneville
65%
Celui de l'Aiguille du Midi fut jusque dans les années 1960 le plus haut du monde et est fréquenté par plus de 800 000 personnes par an. Téléphérique
59%
Saint-Julien-en-Genevois
55%
Objet porte-bonheur qui donne son nom à un village et au plus grand cirque montagneux alpin. Fer à cheval
48%
Nombre d'habitants (arrondi à la dizaine de milliers d'habitants) 800 000 (807 360)
34%
Aucun quiz correspondant
Distribution des résultats
% des personnes avec chaque résultat
Percentile par nombre de réponses
Votre historique - résultats
Vous n’avez pas pris ce quiz